书目信息 |
| 题名: |
庠序探微
|
|
| 作者: | 陈贞凯 主编 | |
| 分册: | ||
| 出版信息: | 北京 光明日报出版社 2012.8 |
|
| 页数: | 230页 | |
| 开本: | 24cm | |
| 丛书名: | ||
| 单 册: | ||
| 中图分类: | G451.2 | |
| 科图分类: | ||
| 主题词: | 师资队伍建设 | |
| 电子资源: | ||
| ISBN: | 978-7-5112-2744-7 | |
| 000 | 00792nam0 2200253 45 | |
| 001 | 1360533796 | |
| 005 | 20130603085010.73 | |
| 010 | @a978-7-5112-2744-7@dCNY29.80 | |
| 100 | @a20130513d2012 em y0chiy0121 ea | |
| 101 | 0 | @achi |
| 102 | @aCN@b110000 | |
| 105 | @ay a 000yy | |
| 106 | @ar | |
| 200 | 1 | @a庠序探微@AXiang Xu Tan Wei@e名师论教@EMing Shi Lun Jiao@f陈贞凯主编@FChen Zhen Kai Zhu Bian |
| 210 | @a北京@c光明日报出版社@d2012.8 | |
| 215 | @a230页@d24cm | |
| 320 | @a有书目 | |
| 330 | @a本书内容包括: 课程改革; 教育管理; 教育故事; 教学案例; 高考研究; 教学反思等。 | |
| 517 | 1 | @a名师论教@AMing Shi Lun Jiao |
| 606 | 0 | @a师资队伍建设 |
| 690 | @aG451.2@v5 | |
| 701 | 0 | @a陈贞凯@AChen Zhen Kai@4主编 |
| 801 | @aCN@bTANGWEI@c20130522 | |
| 905 | @b0834888-93@dG451.2@e121@f6 | |
| 庠序探微:名师论教/陈贞凯主编.-北京:光明日报出版社,2012.8 |
| 230页;24cm |
| ISBN 978-7-5112-2744-7:CNY29.80 |
| 本书内容包括: 课程改革; 教育管理; 教育故事; 教学案例; 高考研究; 教学反思等。 |
| ● |
| 相关链接 |
|
|
|
|
正题名:庠序探微
索取号:G451.2/121
 
预约/预借
| 序号 | 登录号 | 条形码 | 馆藏地/架位号 | 状态 | 备注 |
| 1 | 0834888 | 208348885 | 第一样本阅览室/ [索取号:G451.2/121] | 在馆 | |
| 2 | 0834889 | 208348894 | 教育系资料室/ [索取号:G451.2/121] | 在馆 | |
| 3 | 0834890 | 208348901 | 教育系资料室/ [索取号:G451.2/121] | 在馆 | |
| 4 | 0834891 | 208348910 | 第四借阅区/ [索取号:G451.2/121] | 在馆 | |
| 5 | 0834892 | 208348929 | 第四借阅区/ [索取号:G451.2/121] | 在馆 | |
| 6 | 0834893 | 208348938 | 第四借阅区/ [索取号:G451.2/121] | 在馆 |